| 000 | 00852nam a2200313Ia 4500 | ||
|---|---|---|---|
| 001 | Z_6409 | ||
| 003 | CHAP | ||
| 008 | 220113s2013 xx 000 0 und d | ||
| 010 | _a169667 | ||
| 020 | _a968-5146-01-2 | ||
| 040 | _cCHAP | ||
| 082 | _a972.081 4 T87 M49 | ||
| 100 |
_aTurner, John Kenneth _9115661 |
||
| 245 |
_aMéxico bárbaro / _cJohn Kenneth Turner |
||
| 260 |
_aMéxico : _bEdiciones Leyenda, _c2013 |
||
| 300 | _a233 p. | ||
| 440 |
_aColección clásicos _924754 |
||
| 500 | _aEdición 2013 | ||
| 503 | _aej.1: consumo | ||
| 600 |
_aDíaz, Porfirio, -- 1830-1915 _9144690 |
||
| 650 |
_aMéxico _x _x Condiciones económicas _9144691 |
||
| 650 |
_aMéxico _x _x Política y gobierno _x _x 1867 _x1910 _9144692 |
||
| 901 | _a972.081 4 T87 M49 | ||
| 902 | _aM | ||
| 910 | _a2013 | ||
| 942 | _c1 | ||
| 942 | _cc1 | ||
| 999 |
_c169667 _d169667 |
||